Wilhelm C. Rőntgen

Bibliographic Details
Main Authors: Vaněrka, Michael (Author), Vyhnánek, Luboš (Author)
Format: Book
Language:Czech
PhysicalDescription:91, [3] s., [8] s. obr. príl. 8°
Published: Praha Horizont 1989
ISBN:807012024X
Series:Medailóny
Subjects:

MARC

LEADER 00000nam a2200000 a 4500
001 vtls001337035
003 SK-MaSNL
005 20260301101128.0
008 251113s1989 xr 0 cze
020 |a 807012024X 
035 |a SNK000290027 
040 |a SNK  |b slo  |c SNK  |e AACR2 
041 0 |a cze 
044 |a CZ 
080 |a 929 Röntgen, W. C.  |2 1981 
080 |a 53(430)(091) Röntgen, W. C.  |2 1981 
100 1 |a Vaněrka, Michael  |4 aut  |9 385557 
245 1 0 |a Wilhelm C. Rőntgen  |c Michael Vaněrka, Luboš Vyhnánek 
260 |a Praha  |b Horizont  |c 1989 
300 |a 91, [3] s., [8] s. obr. príl.  |c 8° 
490 1 |a Medailóny 
600 1 |a Röntgen, Wilhelm Conrad,  |d 1845-1923  |2 SNK  |9 52089 
700 1 |a Vyhnánek, Luboš  |4 aut  |9 434952 
830 0 |a Medailóny  |9 310608 
919 |a 80-7012-024-X 
958 |a RK 
958 |a OND 
999 |c 688313  |d 690243 
952 |t P60, <04>, [BOOK], {604}  |a SNK  |b SNK  |y VYP  |7 0  |p 17A0156040  |o snkID 90092 D1  |0 0  |1 1  |4 0  |d 1998-08-13  |l 0  |r 2005-01-02 00:00:00  |w 2026-02-23 
952 |t P60, <04>, [BOOK], {604}  |a SNK  |b SNK  |y VYP  |7 0  |p 17A0217458  |o snkID 90092  |i snkKIP 2011/90  |0 0  |1 0  |4 0  |d 1998-07-13  |l 0  |r 2005-01-02 00:00:00  |w 2026-02-23 
952 |t P60, <04>, [BOOK], {604}  |a SNK  |b SNK  |y VYP  |7 0  |o snkID 90092 D1  |i snkKIP 2012/90  |0 0  |1 0  |4 0  |d 1998-07-13  |l 0  |r 2005-01-02 00:00:00  |w 2026-02-23